书目信息 |
| 题名: |
日本经济
|
|
| 作者: | 冯昭奎 编著 | |
| 分册: | ||
| 出版信息: | 北京 高等教育出版社 1998.11 |
|
| 页数: | 330页 | |
| 开本: | 20cm | |
| 丛书名: | 日本学基础选丛书 | |
| 单 册: | ||
| 中图分类: | F131.3 | |
| 科图分类: | ||
| 主题词: | 经济--世界 , 经济史--世界 , 经济地理--世界 | |
| 电子资源: | ||
| ISBN: | 7-04-007060-X | |
| 000 | 00671nam0 2200241 450 | |
| 001 | 0559671392 | |
| 005 | 20050328163603.55 | |
| 010 | @a7-04-007060-X@dCNY 18.00 | |
| 100 | @a20050328d1998 km y0chiy0120 ea | |
| 101 | 0 | @achi |
| 102 | @aCN@b110000 | |
| 200 | 1 | @a日本经济@Ari ben jing ji@f冯昭奎编著@Ffeng zhao kui bian zhu |
| 210 | @a北京@c高等教育出版社@d1998.11 | |
| 215 | @a330页@d20cm | |
| 225 | 2 | @a日本学基础选丛书 |
| 410 | 0 | @12001 @a日本学基础选丛书 |
| 606 | 0 | @a经济@x世界 |
| 606 | 0 | @a经济史@x世界 |
| 606 | 0 | @a经济地理@x世界 |
| 690 | @aF131.3@v3 | |
| 701 | 0 | @a冯昭奎@Afeng zhao kui@4编著 |
| 801 | 0 | @aCN@bPFT@c20050328 |
| 905 | @a10447@dF131.3@eF540 | |
| 日本经济/冯昭奎编著.-北京:高等教育出版社,1998.11 |
| 330页;20cm.-(日本学基础选丛书) |
| ISBN 7-04-007060-X:CNY 18.00 |
| ● |
| 相关链接 |
|
|
|
正题名:日本经济
索取号:F131.3/F540
 
预约/预借
| 序号 | 登录号 | 条形码 | 馆藏地/架位号 | 状态 | 备注 |
| 1 | 439632 | 204396322 | 社科库409/409社科库 71排3列1层/ [索取号:F131.3/F540] | 在馆 | |
| 2 | 439633 | 204396331 | 社科库409/409社科库 71排3列1层/ [索取号:F131.3/F540] | 在馆 | |
| 3 | 439634 | 204396340 | 社科库409/409社科库 71排3列1层/ [索取号:F131.3/F540] | 在馆 |